000 00612nam a2200193 i 4500
001 143044
003 ES-MaACL
005 20250530063017.0
007 t|
008 070214s1972 sp r ||||1| spa d
100 1 _aChumy-Chúmez,
_d1927-2003
_938700
245 1 0 _aSelección mundial del humor gráfico /
_c[introducción Chumy Chúmez].
260 _aMadrid :
_bFundamentos,
_c1972.
300 _a70 h :
_bsólo il. ;
_c14 cm.
650 4 _aDibujo humorístico-
_yS.XX.
_9162999
700 1 _aChumy-Chúmez,
_d1927-2003
_938700
852 _aES-MaACL
_jC-53633
_bR.84531
999 _c143044
_d143044